Central Library and Information Centre
Sibsagar Girls' College, Sivasagar : Assam

LETTER PRESS TECHNIQUE (Record no. 6063)

MARC details
000 -LEADER
fixed length control field 00308cam a2200145ua 4500
008 - FIXED-LENGTH DATA ELEMENTS--GENERAL INFORMATION
fixed length control field 120801n II |||gr||||Z||||||eng
040 ## - CATALOGING SOURCE
Original cataloging agency MAIN
041 ## - LANGUAGE CODE
-- English
082 ## - DEWEY DECIMAL CLASSIFICATION NUMBER
Classification number 826 JAI
100 ## - MAIN ENTRY--PERSONAL NAME
Personal name JAIN, S. C.
245 ## - TITLE STATEMENT
Title LETTER PRESS TECHNIQUE
942 ## - ADDED ENTRY ELEMENTS (KOHA)
Koha item type Books
653 ## - INDEX TERM--UNCONTROLLED
Uncontrolled term English letters
Holdings
Withdrawn status Lost status Damaged status Not for loan Collection code Home library Current library Shelving location Date acquired Full call number Barcode Date last seen Copy number Price effective from Koha item type
        TBENG Central Library and Information Centre Sibsagar Girls College Central Library and Information Centre Sibsagar Girls College English Rack 05.02.1997 826 JAI 14179 27.02.2020 1 27.02.2020 Books


Sibsagar Girl's College © 2020. All rights reserved.
Powered by Koha.
Maintained by Abhijit Borpuzari.